20 años de Bibliotecas Escolares CRA : (Registro nro. 5201)
[ vista simple ]
| 000 -CABECERA | |
|---|---|
| Campo de control de longitud fija | 00672nam a22001937a 4500 |
| 003 - IDENTIFICADOR DEL NÚMERO DE CONTROL | |
| Campo de control | CL-SaCFP |
| 008 - CÓDIGOS DE INFORMACIÓN DE LONGITUD FIJA | |
| Campo de control de longitud fija | 150612b xxu||||| |||| 00| 0 eng d |
| 020 ## - NÚMERO INTERNACIONAL NORMALIZADO PARA LIBROS (ISBN) | |
| Número Internacional Normalizado para Libros (ISBN) | 9789562924757 |
| 082 ## - NÚMERO DE LA CLASIFICACIÓN DECIMAL DEWEY | |
| Número de clasificación | 027.8 |
| Número de documento | V427 2014 |
| 245 00 - MENCIÓN DE TÍTULO | |
| Título | 20 años de Bibliotecas Escolares CRA : |
| Resto del título | 1994-2014. / |
| 246 33 - VARIANTES DE TÍTULO | |
| Título propio / Titulo en breve | Veinte años de Bibliotecas Escolares CRA: 1994-2014 |
| 246 33 - VARIANTES DE TÍTULO | |
| Título propio / Titulo en breve | 20 años Bibliotecas Escolares CRA |
| 260 ## - PUBLICATION, DISTRIBUTION, ETC. (IMPRINT) | |
| Lugar de publicación distribución etc. | Santiago de Chile : |
| Nombre del editor distribuidor etc. | Gobierno de Chile, Ministerio de Educación, |
| Fecha de publicación distribución etc. | 2014 |
| 300 ## - DESCRIPCIÓN FÍSICA | |
| Extensión | 193 p |
| Otras características físicas | fot. col. |
| 490 0# - MENCIÓN DE SERIE | |
| Mención de serie | Bibliotecas Escolares CRA |
| 650 7# - PUNTO DE ACCESO ADICIONAL DE MATERIA - TÉRMINO DE MATERIA | |
| Término de materia o nombre geográfico como elemento inicial | Bibliotecas escolares |
| Subdivisión geográfica | Chile |
| 9 (RLIN) | 5303 |
| 710 2# - PUNTO DE ACCESO ADICIONAL - NOMBRE DE ENTIDAD | |
| Nombre de entidad o nombre de jurisdicción como elemento inicial | Chile |
| Unidad subordinada | Ministerio de Educación. |
| 9 (RLIN) | 946 |
| 942 ## - ENTRADA PARA ELEMENTOS AGREGADOS (KOHA) | |
| Fuente de clasificación o esquema de ordenación en estanterías | Dewey Decimal Classification |
| Koha [por defecto] tipo de item | Monografía |
| Suprimido | Estado de pérdida | Fuente de clasificación o esquema de ordenación en estanterías | Estropeado | No para préstamo | Código de colección | Localización permanente | Localización actual | Localización en estanterías | Fecha de adquisición | Préstamos totales | Signatura completa | Código de barras | Fecha última consulta | Fecha último préstamo | Fecha del precio de reemplazo | Tipo de item de Koha |
|---|---|---|---|---|---|---|---|---|---|---|---|---|---|---|---|---|
| Dewey Decimal Classification | Colección General | Biblioteca Central | Biblioteca Central | Colección General | 12/06/2015 | 2 | 027.8 V427 2014 | 3563000050683 | 09/02/2021 | 15/06/2015 | 12/06/2015 | Monografía |